LDR 00826naa#a2200181#i#450# 001 EN\\bibl\121504 005 20260514231535.4 011 ## _a2073-0454 100 ## _a20251219b2025####ek#y0engy0150####ca 102 ## _aRU 200 1# _aSpecifics of the exercise of prosecutorial powers in overseeing the implementation of laws on countering extremist activities in the context of digitalization _eJournal article 210 1# _aMoscow _cMoscow University of the Ministry of Internal Affairs of Russia named after V.Ya. Kikot _d2025 215 ## _a7 с. 608 ## _aJournal article _2local 675 ## _aГосударственное право. Конституционное право. Административное право. 342 _z 700 #1 _aKazancev _gSergey Yakovlevich 700 #1 _aGaynov _gIl'yas Damirovich 856 4# _amosumvd.editorum.ru _u